Infrastructure Possibilities and Human-Centered Approaches With Industry 5.0
Gespeichert in:
| Hauptverfasser: | , , , , |
|---|---|
| Format: | Buch |
| Sprache: | Englisch |
| Veröffentlicht: |
USA:
IGI Global,
2024
|
| Schlagworte: | |
| Tags: |
Keine Tags, Fügen Sie das erste Tag hinzu!
|
MARC
| LEADER | 00000nam a22000003a 4500 | ||
|---|---|---|---|
| 001 | 0116715 | ||
| 003 | SK-STU | ||
| 005 | 20250812102439.3 | ||
| 007 | ta | ||
| 008 | 250812s ----xo-----e------000-0-----d | ||
| 020 | |a 979-8-3693-0782-3 | ||
| 040 | |a STU |b slo | ||
| 041 | 0 | |a eng | |
| 044 | |a xxu | ||
| 100 | 1 | |a Khan, Mohammad Ayoub |4 aut | |
| 245 | 1 | 0 | |a Infrastructure Possibilities and Human-Centered Approaches With Industry 5.0 |
| 260 | |a USA: |b IGI Global, |c 2024 | ||
| 300 | |a 318 s. | ||
| 650 | 0 | 7 | |a priemysel 5.0 |
| 650 | 0 | 7 | |a robotika |
| 650 | 0 | 7 | |a umelá inteligencia |
| 650 | 0 | 7 | |a vplyv priemyslu 5.0 |
| 700 | 1 | |a Khan, Rijwan |4 aut | |
| 700 | 1 | |a Verma, Agya Ram |4 aut | |
| 700 | 1 | |a Praveen, Pushkar |4 aut | |
| 700 | 1 | |a Panda, Manoj Kumar |4 aut | |
| 996 | |b 284M089689 |c M* 14886-1 |l MMKN |s A |a 24 |w 0116715_0001 | ||
| 996 | |c M* DigP-461 |l MMKN |s A |a 24 |w 0116715_0002 | ||